[Event "AUTO-MASTER-2697"]
[Site "http://www.queenalice.com/game.php?id=1516593"]
[Date "2018.2.19"]
[Round "1"]
[White "celsopereira"]
[Black "ymfrancois"]
[Result "1-0"]
[WhiteElo "2025"]
[BlackElo "1985"]

1. c4 e5 2. Nc3 c6 3. g3 Nf6 4. Bg2 d6 5. h3 Be6 6. e3 Bxc4 7. Qc2 Be6 8. Nge2
Be7 9. d4 exd4 10. Nxd4 Qc8 11. Nxe6 Qxe6 12. O-O O-O 13. b3 Nbd7 14. Bb2 d5 15.
Rad1 h6 16. Rfe1 Nc5 17. e4 dxe4 18. Nxe4 Nfxe4 19. f3 Qg6 20. fxe4 Qxg3 21. Bd4
Ne6 22. Bf2 Qg6 23. Rd7 Bb4 24. Re3 Bc5 25. Rg3 Bxf2+ 26. Qxf2 Qh5 27. Rxb7 Qd1+
28. Kh2 Qd4 29. Qf1 Ng5 30. Re7 Qd6 31. Rb7 Qe5 32. Rb4 c5 33. Rc4 f5 34. exf5
Rxf5 35. Qxf5 Qxf5 36. Bxa8 Qe5 37. Rc2 Qf5 38. Rd2 Qf4 39. Rd7 Qf2+ 40. Bg2 Qb2
41. Rxa7 Ne4 42. Rgxg7+ Kf8 43. Rgf7+ Kg8 44. Rfe7 Qd4 45. Re8# 1-0

[Event "AUTO-MASTER-2697"]
[Site "http://www.queenalice.com/game.php?id=1516604"]
[Date "2018.2.19"]
[Round "1"]
[White "celsopereira"]
[Black "JailtonMaster"]
[Result "1-0"]
[WhiteElo "2044"]
[BlackElo "1916"]

1. c4 c5 2. Nc3 Nf6 3. g3 e6 4. Bg2 Be7 5. e3 O-O 6. Nge2 Nc6 7. O-O d5 8. cxd5
exd5 9. d4 cxd4 10. Nxd4 Re8 11. Nxc6 bxc6 12. b3 Qc7 13. Bb2 Bf5 14. Rc1 Ne4
15. Nxd5 Qd6 16. Nxe7+ Qxe7 17. Rxc6 Bd7 18. Rc2 Bf5 19. Qa1 Nxg3 20. hxg3 Bxc2
21. Bxg7 Rac8 22. Bh8 f5 23. Bd5+ Kf8 24. Bf6 Qd7 25. Bc4 f4 26. Bg5 Qg7 27.
Qxg7+ Kxg7 28. Bxf4 a5 29. f3 a4 30. e4 Red8 31. Kf2 axb3 32. axb3 Rd1 33. Rxd1
Bxd1 34. Be5+ Kf8 35. Bd6+ Ke8 36. e5 Kd7 37. g4 Bc2 38. f4 Rh8 39. f5 h5 40.
Be6+ Kc6 41. g5 1-0

[Event "AUTO-MASTER-2697"]
[Site "http://www.queenalice.com/game.php?id=1516605"]
[Date "2018.2.19"]
[Round "1"]
[White "JailtonMaster"]
[Black "celsopereira"]
[Result "1-0"]
[WhiteElo "1930"]
[BlackElo "2021"]

1. e4 c5 2. Nf3 Nc6 3. d4 cxd4 4. Nxd4 g6 5. Nc3 Bg7 6. Be2 e6 7. Be3 a6 8. O-O
Nge7 9. f4 Qb6 10. Nf5 Qxb2 11. Nxg7+ Kf8 12. Bd4 Nxd4 13. Qxd4 Rg8 14. Rab1
Qxb1 15. Rxb1 Rxg7 16. f5 gxf5 17. exf5 Nxf5 18. Qf6 Ne7 19. Rf1 b5 20. Bh5 Bb7
21. g3 Nf5 22. g4 Bd5 23. Nxd5 1-0

[Event "AUTO-MASTER-2700"]
[Site "http://www.queenalice.com/game.php?id=1517897"]
[Date "2018.3.1"]
[Round "1"]
[White "pomar"]
[Black "celsopereira"]
[Result "1-0"]
[WhiteElo "2027"]
[BlackElo "2061"]

1. f3 c5 2. Kf2 Nc6 3. e3 g6 4. c4 Bg7 5. Nc3 e6 6. Nge2 Nf6 7. g3 d5 8. cxd5
exd5 9. d4 c4 10. e4 dxe4 11. fxe4 Bg4 12. Qa4 Bxe2 13. Bxe2 Qxd4+ 14. Be3 Nxe4+
15. Nxe4 Qxe4 16. Bf3 Qe6 17. Rhe1 O-O-O 18. Kg2 a6 19. Bb6 Rd2+ 20. Kh1 Qh3 21.
Re2 Rxb2 22. Rxb2 Bxb2 23. Qxc4 Bxa1 24. Bg4+ Qxg4 25. Qxg4+ f5 26. Qe2 Be5 27.
Qc4 Re8 28. Qf7 Re7 29. Qg8+ Kd7 30. Qd5+ Kc8 31. Bc5 Rd7 32. Qe6 Kc7 33. Bb6+
Kc8 34. Qe8+ 1-0

[Event "AUTO-MASTER-2700"]
[Site "http://www.queenalice.com/game.php?id=1517898"]
[Date "2018.3.1"]
[Round "1"]
[White "celsopereira"]
[Black "pomar"]
[Result "1-0"]
[WhiteElo "2055"]
[BlackElo "2051"]

1. c4 e6 2. Nc3 c5 3. g3 Nc6 4. Bg2 a6 5. a3 Nf6 6. e3 d5 7. cxd5 exd5 8. Nge2
Be6 9. d4 Qb6 10. Na4 Qa7 11. dxc5 Bxc5 12. b4 Be7 13. Qc2 Rc8 14. Qb1 O-O 15.
O-O b5 16. Nac3 Ne5 17. Bb2 Nc4 18. Bc1 Bg4 19. Nd4 Nxe3 20. Ncxb5 axb5 21. Bxe3
Qa6 22. f3 Be6 23. Qb2 Rc4 24. Rfe1 Rfc8 25. Bf1 Nd7 26. Bxc4 dxc4 27. Qc3 Bf6
28. Qc2 Ne5 29. Kg2 Qb7 30. Rf1 Ng4 31. Bg1 Rd8 32. Nxe6 fxe6 33. Rae1 Kf7 34.
Qxh7 Rd2+ 35. Kh3 Nh6 36. Be3 Qd5 37. Bxd2 Qxd2 38. Qe4 Qd7 39. Rd1 Qc8 40. g4
c3 41. Rf2 g5 42. Rc2 Ke7 43. Qd3 Nf7 44. Qxb5 Be5 45. Qc5+ 1-0

[Event "AUTO-MASTER-2700"]
[Site "http://www.queenalice.com/game.php?id=1517913"]
[Date "2018.3.1"]
[Round "1"]
[White "jovelino"]
[Black "celsopereira"]
[Result "1-0"]
[WhiteElo "2250"]
[BlackElo "2061"]

1. e4 c5 2. Nf3 Nc6 3. d3 g6 4. g3 Bg7 5. Bg2 e6 6. O-O Nge7 7. c3 b5 8. Bg5 f6
9. Be3 d6 10. Qd2 h6 11. d4 cxd4 12. Nxd4 a6 13. Nxc6 Nxc6 14. Rd1 Ke7 15. e5 d5
16. exf6+ Kxf6 17. a4 Bb7 18. axb5 axb5 19. Rxa8 Bxa8 20. Bc5 Kf7 21. Qf4+ Bf6
22. Na3 Ne5 23. Nxb5 Kg7 24. Nd4 Qd7 25. Bh3 g5 26. Qe3 g4 27. Bg2 Re8 28. h3
Bb7 29. Re1 Bc8 30. Ra1 Kg6 31. Ra7 Bb7 32. Ne2 Kh7 33. Bd4 Nf3+ 34. Bxf3 gxf3
35. Bxf6 fxe2 36. Qxe2 Rg8 37. Qd3+ Rg6 38. h4 h5 39. Qf3 Kg8 40. Bg5 Qh7 41.
Qf4 1-0

[Event "AUTO-MASTER-2700"]
[Site "http://www.queenalice.com/game.php?id=1517914"]
[Date "2018.3.1"]
[Round "1"]
[White "celsopereira"]
[Black "jovelino"]
[Result "0-1"]
[WhiteElo "2071"]
[BlackElo "2213"]

1. c4 c5 2. Nc3 Nc6 3. g3 g6 4. Bg2 Bg7 5. a3 d6 6. e3 e5 7. Nge2 Nge7 8. h3 O-O
9. O-O Be6 10. b3 Qd7 11. Kh2 d5 12. cxd5 Nxd5 13. e4 Nxc3 14. Nxc3 Qd3 15. Re1
Nd4 16. Re3 Qc2 17. Qxc2 Nxc2 18. Rb1 Nxe3 19. dxe3 Rfd8 20. Nd5 Rd7 21. Bb2 f5
22. f3 Bxd5 23. exd5 Rxd5 24. Bf1 Rd2+ 25. Kg1 Rad8 26. Bc3 Rd1 27. Rxd1 Rxd1
28. Kf2 Rc1 29. Be1 Rc2+ 30. Be2 Kf7 31. a4 Bf8 32. e4 Kf6 33. exf5 gxf5 34. Kf1
Rc1 35. Bc4 a6 36. g4 b5 37. axb5 axb5 38. Bxb5 c4 39. Bxc4 Bb4 40. gxf5 Rxe1+
0-1

[Event "AUTO-MASTER-2700"]
[Site "http://www.queenalice.com/game.php?id=1517925"]
[Date "2018.3.1"]
[Round "1"]
[White "celsopereira"]
[Black "pestiferous"]
[Result "0-1"]
[WhiteElo "2045"]
[BlackElo "2111"]

1. c4 e6 2. Nc3 f5 3. e3 Nf6 4. Be2 c6 5. Nf3 d5 6. d4 Bd6 7. c5 Bc7 8. h3 Nbd7
9. O-O Qe7 10. Qc2 e5 11. dxe5 Nxe5 12. b4 Ne4 13. Nxe5 Qxe5 0-1

[Event "AUTO-MASTER-2700"]
[Site "http://www.queenalice.com/game.php?id=1517926"]
[Date "2018.3.1"]
[Round "1"]
[White "pestiferous"]
[Black "celsopereira"]
[Result "1-0"]
[WhiteElo "2121"]
[BlackElo "2039"]

1. c4 c5 2. g3 Nc6 3. Bg2 Qc7 4. Nf3 g6 5. Nc3 e6 6. O-O a6 7. d3 Bg7 8. Bd2
Nge7 9. e4 d5 10. exd5 exd5 11. Re1 O-O 12. Qc1 Bf5 13. Bh6 Bxd3 14. Bxg7 Kxg7
15. Nxd5 1-0

[Event "Challenge"]
[Site "http://www.queenalice.com/game.php?id=1521938"]
[Date "2018.4.1"]
[Round "-"]
[White "celsopereira"]
[Black "szachowymag"]
[Result "0-1"]
[WhiteElo "2026"]
[BlackElo "2130"]

1. c4 e5 2. Nc3 f5 3. e3 Nf6 4. Nge2 d6 5. b4 c6 6. a4 Be7 7. Ba3 O-O 8. d4 e4
9. d5 Ng4 10. h3 Ne5 11. Nf4 Bf6 12. Rb1 Nf3+ 13. gxf3 Bxc3+ 14. Ke2 exf3+ 15.
Kxf3 Nd7 0-1

[Event "AUTO-MASTER-2711"]
[Site "http://www.queenalice.com/game.php?id=1522455"]
[Date "2018.4.5"]
[Round "1"]
[White "AyltonChessGM"]
[Black "celsopereira"]
[Result "1-0"]
[WhiteElo "2123"]
[BlackElo "1872"]

1. d4 Nf6 2. c4 g6 3. Nc3 Bg7 4. Nf3 d6 5. e3 O-O 6. Be2 Re8 7. O-O e5 8. dxe5
dxe5 9. Qxd8 Rxd8 10. Nxe5 c6 11. Nf3 Nbd7 12. Rd1 b6 13. h3 Bb7 14. Kf1 h6 15.
Bd2 Re8 16. a3 Ne4 17. Nxe4 Rxe4 18. Rab1 Nf6 19. Bd3 Re7 20. b4 Ne4 21. Be1 1-0

[Event "AUTO-MASTER-2711"]
[Site "http://www.queenalice.com/game.php?id=1522456"]
[Date "2018.4.5"]
[Round "1"]
[White "celsopereira"]
[Black "AyltonChessGM"]
[Result "0-1"]
[WhiteElo "1878"]
[BlackElo "2118"]

1. c4 e5 2. Nc3 Nc6 3. e3 f5 4. Be2 Nf6 5. d4 d6 6. d5 Ne7 7. b3 c6 8. Nf3 cxd5
9. cxd5 Nexd5 10. Bb5+ Bd7 11. Bxd7+ Kxd7 12. Nxd5 Qa5+ 13. b4 Qxd5 14. Qxd5
Nxd5 15. Bb2 Nxb4 16. O-O h6 17. Rfd1 Ke6 18. Rd2 Be7 19. a3 Nc6 20. Bc3 g5 21.
Rad1 g4 22. Ne1 h5 0-1

[Event "AUTO-MASTER-2711"]
[Site "http://www.queenalice.com/game.php?id=1522469"]
[Date "2018.4.5"]
[Round "1"]
[White "celsopereira"]
[Black "Spessatto"]
[Result "0-1"]
[WhiteElo "1959"]
[BlackElo "2061"]

1. c4 e5 2. Nc3 Nc6 3. a3 a6 4. g3 Bc5 5. Bg2 Qf6 6. e3 d6 7. Nd5 Qd8 8. b4 Ba7
9. Ne2 Nf6 10. Bb2 Nxd5 11. Bxd5 Ne7 12. Bg2 Bg4 13. f3 Bh5 14. Qa4+ c6 15. b5
axb5 16. cxb5 Bxe3 17. Qb4 Bc5 18. Qh4 Bg6 19. bxc6 Nxc6 20. Qxd8+ Nxd8 21. f4
O-O 22. fxe5 dxe5 23. Bxe5 Nc6 24. Bc3 Bxa3 25. O-O Bc5+ 26. d4 Bd3 0-1

[Event "AUTO-MASTER-2711"]
[Site "http://www.queenalice.com/game.php?id=1522470"]
[Date "2018.4.5"]
[Round "1"]
[White "Spessatto"]
[Black "celsopereira"]
[Result "1-0"]
[WhiteElo "2048"]
[BlackElo "1972"]

1. d4 Nf6 2. h3 g6 3. Nf3 d6 4. Bf4 Bg7 5. e3 O-O 6. Bc4 Nbd7 7. c3 b6 8. Nbd2
Re8 9. Ng5 d5 10. Bb3 Ba6 11. c4 e5 12. dxe5 Nxe5 13. Bxe5 Rxe5 14. Ngf3 Re7 15.
O-O dxc4 16. Bxc4 Bxc4 17. Nxc4 Qxd1 18. Raxd1 Ne4 19. b3 Nc3 20. Rd2 Ree8 21.
Nd4 Bxd4 22. exd4 Re2 23. Kh2 Rae8 24. Rxe2 Rxe2 25. a4 a6 26. f3 b5 27. axb5
axb5 28. Ne5 1-0

[Event "AUTO-MASTER-2711"]
[Site "http://www.queenalice.com/game.php?id=1522471"]
[Date "2018.4.5"]
[Round "1"]
[White "celsopereira"]
[Black "RobertD"]
[Result "0-1"]
[WhiteElo "1947"]
[BlackElo "2042"]

1. c4 g6 2. Nc3 Bg7 3. g3 Nf6 4. Bg2 O-O 5. e4 d6 6. d4 c6 7. Nge2 Nbd7 8. O-O
b6 9. e5 dxe5 10. Bxc6 Rb8 11. Bg2 Bb7 12. dxe5 Nxe5 13. Bf4 Nfd7 14. Bxb7 Rxb7
15. Bxe5 Nxe5 16. Qxd8 Rxd8 17. Rfd1 Rbd7 18. Rxd7 Rxd7 19. b3 Rd2 20. Kg2 f5
21. Rd1 Rxd1 22. Nxd1 Nc6 23. a3 Nd4 24. Nxd4 Bxd4 25. Kf3 e5 26. h3 Kf7 27. Ke2
a5 28. b4 axb4 29. axb4 e4 30. Ne3 Ke6 31. f4 Bc3 32. Nc2 Bb2 33. Ne3 h6 34. Nd5
Bd4 35. Nc7+ Kd7 0-1

[Event "AUTO-MASTER-2711"]
[Site "http://www.queenalice.com/game.php?id=1522472"]
[Date "2018.4.5"]
[Round "1"]
[White "RobertD"]
[Black "celsopereira"]
[Result "1-0"]
[WhiteElo "2036"]
[BlackElo "2014"]

1. e4 c5 2. Bc4 Nc6 3. a3 e6 4. Nf3 d5 5. exd5 exd5 6. Be2 Be6 7. d4 Be7 8. dxc5
Bxc5 9. O-O h6 10. b4 Be7 11. Bb2 f6 12. Nd4 Bd7 13. Bh5+ Kf8 14. Bg6 1-0

[Event "AUTO-ADV-3971"]
[Site "http://www.queenalice.com/game.php?id=1527176"]
[Date "2018.5.13"]
[Round "2"]
[White "celsopereira"]
[Black "ratorei"]
[Result "0-1"]
[WhiteElo "1906"]
[BlackElo "2189"]

1. c4 Nf6 2. Nc3 d6 3. g3 g6 4. Bg2 Bg7 5. Nf3 O-O 6. O-O c6 7. d4 Nbd7 8. b3 e6
9. e4 Re8 10. Ba3 Qa5 11. Bb2 a6 12. a3 Rb8 13. b4 Qc7 14. Re1 Nh5 15. d5 exd5
16. cxd5 Nb6 17. Bf1 Bg4 18. Qd3 cxd5 19. exd5 Nc4 20. Qxc4 Qxc4 21. Bxc4 Bxf3
22. Re3 Rxe3 23. fxe3 Rc8 0-1

[Event "AUTO-ADV-3971"]
[Site "http://www.queenalice.com/game.php?id=1527177"]
[Date "2018.5.13"]
[Round "2"]
[White "ratorei"]
[Black "celsopereira"]
[Result "1-0"]
[WhiteElo "2228"]
[BlackElo "1880"]

1. e4 c5 2. Nf3 Nc6 3. d4 cxd4 4. Nxd4 Nf6 5. Nc3 a6 6. Be3 d6 7. f3 e5 8. Nb3
Be7 9. Be2 Be6 10. Qd2 d5 11. exd5 Nxd5 12. Nxd5 Bxd5 13. O-O O-O 14. c4 Be6 15.
Rad1 Qxd2 16. Rxd2 Rad8 17. Rfd1 Rxd2 18. Rxd2 h6 19. Nc5 Bxc5 20. Bxc5 Rd8 21.
Rxd8+ Nxd8 22. b3 Nc6 23. Kf2 g5 24. Ke3 Bf5 25. Bd3 Bxd3 26. Kxd3 Nd8 27. Ke4
1-0

[Event "AUTO-ADV-3971"]
[Site "http://www.queenalice.com/game.php?id=1527178"]
[Date "2018.5.13"]
[Round "2"]
[White "celsopereira"]
[Black "Pin"]
[Result "0-1"]
[WhiteElo "1931"]
[BlackElo "2004"]

1. c4 Nf6 2. Nc3 e6 3. g3 d5 4. cxd5 Nxd5 5. Bg2 Be7 6. e4 Nxc3 7. bxc3 O-O 8.
Nf3 c5 9. O-O Qd3 10. Re1 Nc6 11. Bf1 Qd6 12. a4 Ne5 13. Ra2 b6 0-1

[Event "AUTO-ADV-3971"]
[Site "http://www.queenalice.com/game.php?id=1527179"]
[Date "2018.5.13"]
[Round "2"]
[White "Pin"]
[Black "celsopereira"]
[Result "1-0"]
[WhiteElo "2017"]
[BlackElo "1918"]

1. e4 c5 2. Nf3 Nc6 3. c3 g6 4. Bb5 Qc7 5. O-O a6 6. Ba4 b5 7. Bc2 Bg7 8. d3 e5
9. Be3 d6 10. Nbd2 Nge7 11. a4 Bb7 12. axb5 axb5 13. Rxa8+ 1-0